000 00432nam a22001817a 4500
003 MPLRDC
005 20220104113541.0
008 210129b ||||| |||| 00| 0 eng d
082 _a848.1 HS-8
100 _a胡适著
245 _a胡适北大日记选
_c
250 _a初版
260 _a
_b远景出版事业公司
_c1984
300 _b
490 _a远景丛刊;242
650 _a现代别集
942 _cBK
_o848.1 HS-8
999 _c529
_d519